X-ray Astronomy '84 (Record no. 9078)

MARC details
000 -LEADER
fixed length control field 00613nam a2200193Ia 4500
003 - CONTROL NUMBER IDENTIFIER
control field IN-BaIIA
008 - FIXED-LENGTH DATA ELEMENTS--GENERAL INFORMATION
fixed length control field 211028s9999 xx 000 0 eng d
040 ## - CATALOGING SOURCE
Transcribing agency IIA Library
080 ## - UNIVERSAL DECIMAL CLASSIFICATION NUMBER
Universal Decimal Classification number 52-735
Item number XRA
100 ## - MAIN ENTRY--PERSONAL NAME
Personal name Oda, Minoru
9 (RLIN) 15253
245 #0 - TITLE STATEMENT
Title X-ray Astronomy '84
Statement of responsibility, etc. Minoru Oda
260 ## - PUBLICATION, DISTRIBUTION, ETC.
Place of publication, distribution, etc. Tokyo
Name of publisher, distributor, etc. Institute of Space and Astronautical Sciences
Date of publication, distribution, etc. 1984
300 ## - PHYSICAL DESCRIPTION
Extent [various pagings.]
650 ## - SUBJECT ADDED ENTRY--TOPICAL TERM
Topical term or geographic name entry element Astronomy and astrophysics thesaurus
650 ## - SUBJECT ADDED ENTRY--TOPICAL TERM
Topical term or geographic name entry element Space astronomy
9 (RLIN) 3005
650 ## - SUBJECT ADDED ENTRY--TOPICAL TERM
Topical term or geographic name entry element X-ray astronomy
9 (RLIN) 7473
650 ## - SUBJECT ADDED ENTRY--TOPICAL TERM
Topical term or geographic name entry element X-ray telescopes
9 (RLIN) 15254
942 ## - ADDED ENTRY ELEMENTS (KOHA)
Koha item type Books
Holdings
Withdrawn status Lost status Damaged status Not for loan Home library Current library Shelving location Date acquired Total Checkouts Full call number Barcode Date last seen Price effective from Koha item type
        IIA Library-Bangalore IIA Library-Bangalore General Stacks 10/08/1987   52-735/ XRA 9975 05/11/2021 10/08/1987 Books

Powered by Koha